| 000 | 00724nam a2200229Ia 4500 | ||
|---|---|---|---|
| 005 | 20250508163801.0 | ||
| 008 | 008 250505s9999 xx 000 0 eng d | ||
| 020 | _a0-8039-6426-9 | ||
| 037 | _aReference | ||
| 040 |
_aFEDL _beng _cFEDL |
||
| 041 |
_aeng _2eng |
||
| 084 |
_a371.102, MYE _qFEDL |
||
| 100 |
_aMyers Charles B. _9313523 |
||
| 245 | 0 | _aRe-creating schools : Places where everyone learns and likes it | |
| 260 |
_aThousand Oaks, USA _bCorwin Press _c1998 |
||
| 300 | _axiii,183p. | ||
| 365 |
_aUSD _b24.95 |
||
| 650 |
_aTeaching; Learning; School management and organisation _9776335 |
||
| 700 |
_a Simpson Douglas J. _9776336 |
||
| 942 |
_cREF _h371.102, MYE |
||
| 999 |
_c1385225 _d1385225 |
||